mysqli: Table './ulib62015/stat_globaluid' is marked as crashed and should be repaired
select id from stat_globaluid where statuid='20260517143836_3501'
mysqli: Table './ulib62015/stat_globaluid' is marked as crashed and should be repaired
DELETE FROM stat_globaluid
WHERE id NOT IN (
SELECT id
FROM (
SELECT id
FROM stat_globaluid
ORDER BY id DESC
LIMIT 100
) foo
);
mysqli: Table './ulib62015/stat_globaluid' is marked as crashed and should be repaired
insert into stat_globaluid set
statuid='20260517143836_3501',
dt='1779003516',
phpself='/ULIB62015/dublinfull.php',
agent='Mozilla/5.0 AppleWebKit/537.36 (KHTML, like Gecko; compatible; ClaudeBot/1.0; +claudebot@anthropic.com)',
yea='2026',
mon='5',
dat='17',
ip='216.73.216.45'
mysqli: Table './ulib62015/stathist_viewbib_bib_type' is marked as crashed and should be repaired
insert into stathist_viewbib_bib_type set
dat='17' ,
mon='05' ,
yea='2026' ,
statuid='20260517143836_3501' ,
head='13399121788' ,
foot='marc' ,
dt='1779003516'
LEADER : 00000nam 2200000uu 4500
001 13399121788
003 ULIB
008 170123s2559||||th 000 0 tha d
020 ^a9786169120537
060 4 ^aWQ200 น927 2559
245 10 ^aการดูแลอย่างมีคุณภาพในเวชศาสตร์มารดาและทารกในครรภ์ =^bQuality care in maternal and fetal medicine /^cบรรณาธิการ, พล.อ.ต.วิบูลย์ เรืองชัยนิคม ... [และคนอื่นๆ]
246 31 ^aQuality care in maternal and fetal medicine